00502nam a2200109 a 450000500170000000800410001705000190005824500620007725000120013926000130015152002280016420140414093833.0020927s19uu xx 00 eng d aVHS 800bOR 08 aHiraya Manawari. Volume 17 :bMga kwento ni Lola Basyang. aVol. 17 bABS-CBN. aWhen Adelino, a small-town tailor with big dreams, tries on the chaleco of Senorito Rosaldo, one of his clients, he is suddenly seized with the desire to become a " senorito" He poses as Manuel Alfredo, the Seniorito's son.